Los laberintos de la descentralización educativa
সংরক্ষণ করুন:
| প্রধান লেখক: | |
|---|---|
| বিন্যাস: | গ্রন্থ |
| ভাষা: | স্প্যানিশ |
| প্রকাশিত: |
s.l
Gernika
2004
|
| সংস্করন: | 1a. ed |
| মালা: | Colección Ciencias Políticas, 52
|
| বিষয়গুলি: | |
| ট্যাগগুলো: |
ট্যাগ যুক্ত করুন
কোনো ট্যাগ নেই, প্রথমজন হিসাবে ট্যাগ করুন!
|
MARC
| LEADER | 00000nam a2200000 a 4500 | ||
|---|---|---|---|
| 001 | UCH9619 | ||
| 003 | CL-VaPUC | ||
| 008 | 100114e20040000mx |||||||||||||||||spa|d | ||
| 020 | |a 970637132X | ||
| 082 | 0 | 4 | |a 379.15 |b ROG |2 21 |
| 100 | 0 | |a Rogel Salazar, Rosario |e author |9 546790 | |
| 245 | 1 | 4 | |a Los laberintos de la descentralización educativa |
| 250 | |a 1a. ed | ||
| 300 | |a 447 p | ||
| 942 | |c BK | ||
| 945 | |d 20100114 00:00:00 |a dcastane | ||
| 260 | |a s.l |b Gernika |c 2004 | ||
| 650 | 7 | |a DESCENTRALIZAcion |2 CL-VaPUC |9 311229 | |
| 650 | 0 | |a Calidad de la educación |9 307271 | |
| 650 | 0 | |a Evaluación de la educación |9 237505 | |
| 490 | 0 | |a Colección Ciencias Políticas, 52 | |
| 999 | |c 339540 |d 339538 | ||
| 583 | |k Rodrigo Vera | ||
| 952 | |0 0 |1 0 |4 0 |6 379_150000000000000_ROG_2004 |7 0 |8 A |9 433241 |a BIBGIM |b BIBGIM |d 2019-11-22 |i 4634276 |o 379.15 ROG 2004 |p 4634276 |r 2025-01-15 |w 2019-11-22 |y BK |k SSL | ||